Normal view MARC view
  • Philip R. Cateora

Entry Personal Name

Number of records used in: 1

001 - CONTROL NUMBER

  • control field: 123379

003 - CONTROL NUMBER IDENTIFIER

  • control field: NUST

005 - DATE AND TIME OF LATEST TRANSACTION

  • control field: 20240608155601.0

008 - FIXED-LENGTH DATA ELEMENTS

  • fixed length control field: 240608|| aca||aabn | a|a d

040 ## - CATALOGING SOURCE

  • Original cataloging agency: NUST
  • Transcribing agency: NUST

100 ## - HEADING--PERSONAL NAME

  • Personal name: Philip R. Cateora

670 ## - SOURCE DATA FOUND

  • Source citation: Work cat.: (NUST): Philip R. Cateora,, International marketing, 2005.
© 2023 Central Library, National University of Sciences and Technology. All Rights Reserved.